00609nam a2200157 a 450000100100000000500170001000800410002704000250006808200140009310000240010724500680013126000890019930000340028895201120032299900170043400003707820200930080127.0120210s2004 dr ab 000 0 spa d aDO-SdBNPbspacBNPHU axxxbG9431 aVega, Miguel96349310aGuía turística de la República Dominicana /cMiguel Vega. aSanto Domingo :bAsociación Dominicana de Operadores Turísticos (OPETUR),c2004. a154 p. :bil., map. ;c23 cm. 0010718PDaPDbPDcCTd2012-02-10iLF1l0oxxx G943p37078-10r2020-06-25w2020-06-25yLFPDZNo se presta c36568d36568